Antény prakticky

Guardado en:
Detalles Bibliográficos
Autor principal: Matuszczyk, Jacek (Autor)
Formato: Libro
Lenguaje:checo
Publicado: Praha : BEN - technická literatura, 2002
Materias:
Etiquetas: Agregar Etiqueta
Sin Etiquetas, Sea el primero en etiquetar este registro!

MARC

LEADER 00000nam a22000003a 4500
001 stu77604
005 20150617225641.4
008 021011s2002----xr------------------cze-d
020 |a 80-7300-084-9 
040 |a STU  |b slo 
041 0 |a cze 
044 |a xr 
080 |a 621.396.67  |7 stu_us_auth*stu10173 
084 |a B5270  |2 INS 
100 1 |a Matuszczyk, Jacek  |4 aut 
245 1 |a Antény prakticky 
260 |a Praha :  |b BEN - technická literatura,  |c 2002 
300 |a 239 s 
650 7 |a antény  |2 stusub 
996 |b 284EK84588  |c E*84588  |l EE0101  |s P  |a 0  |w stu77604_0001